[Event "GER Seniors Derby 07th"]
[Site "Wesel Undeloh"]
[Date "2008.03.30"]
[Round "7.6"]
[White "Bieberle, Gerhart"]
[Black "Nickel, Wolfgang"]
[Result "1/2-1/2"]
[WhiteElo "1789"]
[BlackElo "1725"]
[PlyCount "69"]
[EventDate "2008.03.27"]
[EventType "swiss"]
[EventRounds "7"]
[EventCountry "GER"]
[SourceTitle "EXT 2022"]
[Source "ChessBase"]
[SourceDate "2021.10.06"]
[SourceVersion "1"]
[SourceVersionDate "2021.10.06"]
[SourceQuality "1"]

1. d4 Nf6 2. b3 d5 3. Bb2 e6 4. e3 c5 5. c3 Nc6 6. a3 cxd4 7. cxd4 Be7 8. Bd3 Bd7 9. Nd2 Rc8 10. f4 0-0 11. Ngf3 Ng4 12. Qe2 f5 13. g3 Nf6 14. 0-0 Ne4 15. Bxe4 fxe4 16. Ne5 Nxe5 17. fxe5 Qb6 18. Rxf8+ Rxf8 19. Rf1 Rxf1+ 20. Qxf1 Bb5 21. Qc1 Qc6 22. Qxc6 Bxc6 23. b4 Kf7 24. Kf2 h5 25. Bc1 Bb5 26. Nb1 g5 27. h3 Kg6 28. Nc3 Bd3 29. Na4 b6 30. Nb2 Bc2 31. Bd2 a5 32. bxa5 bxa5 33. Bxa5 Bxa3 34. Bc3 Bxb2 35. Bxb2 1/2-1/2

[Event "GER Seniors Derby 07th"]
[Site "Wesel Undeloh"]
[Date "2008.03.27"]
[Round "2.14"]
[White "Sack, Reinhard"]
[Black "Nickel, Wolfgang"]
[Result "0-1"]
[WhiteElo "1554"]
[BlackElo "1725"]
[PlyCount "80"]
[EventDate "2008.03.27"]
[EventType "swiss"]
[EventRounds "7"]
[EventCountry "GER"]
[SourceTitle "EXT 2022"]
[Source "ChessBase"]
[SourceDate "2021.10.06"]
[SourceVersion "1"]
[SourceVersionDate "2021.10.06"]
[SourceQuality "1"]

1. d4 Nf6 2. c4 e5 3. dxe5 Ng4 4. Nf3 Bc5 5. e3 Nc6 6. Nc3 Ngxe5 7. a3 a5 8. Be2 0-0 9. 0-0 Nxf3+ 10. Bxf3 Ne5 11. Be2 Re8 12. b3 Bf8 13. Bb2 d6 14. Nd5 c6 15. Nf4 Bf5 16. Nd3 Qc7 17. Nxe5 dxe5 18. Bg4 Rad8 19. Qf3 Bg6 20. e4 f6 21. Qe3 b6 22. Rad1 Bf7 23. Rxd8 Rxd8 24. Qe2 Bc5 25. Rd1 Bd4 26. Bxd4 Rxd4 27. Rxd4 exd4 28. Qd3 c5 29. g3 Qd6 30. a4 Bg6 31. f4 Qe7 32. Bf3 Be8 33. g4 Qd6 34. Qd2 Bd7 35. Kg2 Kf7 36. h4 Bc6 37. g5 Qe7 38. Qe2 Qd6 39. Qd2 Bd7 40. f5 Qe5 0-1